[Event "TUR-chT 1st League"]
[Site "Konya"]
[Date "2022.08.22"]
[Round "1.8"]
[White "Atik, Muhammed Ihsan"]
[Black "Acar, Kaan"]
[Result "1-0"]
[WhiteElo "1583"]
[BlackElo "1767"]
[PlyCount "85"]
[EventDate "2022.08.22"]
[EventType "team-swiss"]
[EventRounds "9"]
[EventCountry "TUR"]
[SourceTitle "CBM 209 Extra"]
[Source "ChessBase"]
[SourceDate "2022.09.30"]
[SourceVersion "1"]
[SourceVersionDate "2022.09.30"]
[SourceQuality "1"]
[WhiteTeam "Olbia Satranc"]
[BlackTeam "Karaman Saglik"]
[WhiteTeamCountry "TUR"]
[BlackTeamCountry "TUR"]

1. d4 Nf6 2. Nf3 g6 3. g3 Bg7 4. Bg2 0-0 5. 0-0 d6 6. c4 Nc6 7. b3 Nd7 8. Bb2 e5 9. dxe5 Ndxe5 10. Nxe5 Nxe5 11. Nc3 Rb8 12. Qc2 f5 13. f4 Ng4 14. Nd5 Bxb2 15. Qxb2 c6 16. h3 Nh6 17. Nc3 Qb6+ 18. Kh2 Bd7 19. Rad1 Nf7 20. Bd5 Qc7 21. Bxf7+ Rxf7 22. Qa3 Rf6 23. Qxa7 Re8 24. Qd4 Rfe6 25. e4 fxe4 26. f5 gxf5 27. Rxf5 Qd8 28. Qe3 Qe7 29. h4 Rg6 30. Rf4 Qe6 31. g4 Qe5 32. g5 Rf8 33. Rdf1 d5 34. cxd5 cxd5 35. Nxd5 Rc8 36. Nf6+ Rxf6 37. gxf6 Rc2+ 38. R1f2 Rc3 39. Qxe4 Rh3+ 40. Kg1 Rg3+ 41. Rg2 Qc3 42. Rxg3+ Qxg3+ 43. Qg2 1-0

[Event "TUR Cup"]
[Site "Adapazari"]
[Date "2022.03.28"]
[Round "5"]
[White "Acar, Kaan"]
[Black "Topuz, Mirac Melih"]
[Result "0-1"]
[WhiteElo "1741"]
[BlackElo "1515"]
[PlyCount "114"]
[EventDate "2022.03.25"]
[EventType "swiss"]
[EventRounds "11"]
[EventCountry "TUR"]
[SourceTitle "EXT 2023"]
[Source "ChessBase"]
[SourceDate "2022.10.05"]
[SourceVersion "1"]
[SourceVersionDate "2022.10.05"]
[SourceQuality "1"]

1. e4 e5 2. Nf3 Nf6 3. Nc3 Nc6 4. d4 exd4 5. Nxd4 Bb4 6. Nxc6 bxc6 7. Bd3 d5 8. e5 Nd7 9. 0-0 Nc5 10. Ne2 Nxd3 11. Qxd3 0-0 12. Qg3 Re8 13. c3 Bf8 14. Re1 c5 15. Be3 c6 16. Rad1 Bf5 17. Bc1 Qc7 18. Bf4 Qb6 19. Rd2 Rad8 20. Bg5 Rd7 21. h4 Qb8 22. Nc1 Re6 23. Nd3 d4 24. c4 Bxd3 25. Rxd3 Qxb2 26. f4 Re8 27. f5 Qxa2 28. e6 fxe6 29. fxe6 Rb7 30. e7 Bxe7 31. Bxe7 Rbxe7 32. Rxe7 Qb1+ 33. Kh2 Rxe7 34. Rb3 Qe4 35. Qf2 Qe5+ 36. g3 g6 37. Kh3 Rf7 38. Qg2 Qf5+ 39. g4 Qf1 40. Rb8+ Kg7 41. Qxf1 Rxf1 42. Rb7+ Kf6 43. g5+ Ke6 44. Kg2 Rc1 45. Kf3 Rxc4 46. Rxh7 d3 47. Ke3 Rd4 48. Kd2 c4 49. Rc7 Rd6 50. Rxa7 c3+ 51. Kd1 Ke5 52. Ra5+ Kd4 53. h5 gxh5 54. Rf5 h4 55. Rf3 Re6 56. Rh3 c2+ 57. Kd2 Re2+ 0-1

[Event "TUR Cup"]
[Site "Antalya"]
[Date "2020.02.02"]
[Round "11"]
[White "Nay, Ali Dogan"]
[Black "Acar, Kaan"]
[Result "1/2-1/2"]
[WhiteElo "1260"]
[BlackElo "1636"]
[PlyCount "84"]
[EventDate "2020.01.26"]
[EventType "swiss"]
[EventRounds "11"]
[EventCountry "TUR"]
[SourceTitle "CBM 194 Extra"]
[Source "ChessBase"]
[SourceDate "2020.03.31"]
[SourceVersion "1"]
[SourceVersionDate "2020.03.31"]
[SourceQuality "1"]

1. e4 c5 2. d3 Nc6 3. g3 g6 4. Bg2 Bg7 5. Nc3 d6 6. f4 Nf6 7. Nf3 0-0 8. 0-0 Nd4 9. h3 Ne8 10. Be3 e5 11. fxe5 dxe5 12. Nd5 Nc7 13. c3 Nde6 14. c4 f5 15. Nxc7 Qxc7 16. exf5 gxf5 17. Nh4 f4 18. gxf4 exf4 19. Bc1 Ng5 20. Bd5+ Kh8 21. Qh5 Nxh3+ 22. Kh1 Qd6 23. b4 Qh6 24. Qxh6 Bxh6 25. Bb2+ Bg7 26. Bxg7+ Kxg7 27. bxc5 Rf6 28. Rab1 Rh6 29. Bxb7 Bxb7+ 30. Rxb7+ Kf6 31. Nf3 Rg8 32. Nh2 Ke5 33. Nf3+ Kf6 34. Nh2 Kf5 35. Rxa7 Rg3 36. Rf7+ Ke6 37. Rb7 Ke5 38. Nf3+ Kf5 39. Nh2 Rhg6 40. Nf3 Rh6 41. Nh2 Rhg6 42. Nf3 Rh6 1/2-1/2

[Event "TUR-chT 2nd League"]
[Site "Konya"]
[Date "2019.07.28"]
[Round "9.9"]
[White "Taban, Yagiz"]
[Black "Acar, Kaan"]
[Result "0-1"]
[WhiteElo "1679"]
[BlackElo "1654"]
[PlyCount "60"]
[EventDate "2019.07.22"]
[EventType "team-swiss"]
[EventRounds "9"]
[EventCountry "TUR"]
[SourceTitle "CBM 191 Extra"]
[Source "ChessBase"]
[SourceDate "2019.09.30"]
[SourceVersion "1"]
[SourceVersionDate "2019.09.30"]
[SourceQuality "1"]
[WhiteTeam "Altin Hamle Corum"]
[BlackTeam "Karaman Masterler"]
[WhiteTeamCountry "TUR"]
[BlackTeamCountry "TUR"]

1. e4 c5 2. Nf3 d6 3. d4 cxd4 4. Nxd4 Nf6 5. Nc3 a6 6. Bg5 e6 7. f4 h6 8. Bh4 Be7 9. Qf3 Qc7 10. 0-0-0 Nbd7 11. g4 b5 12. a3 Rb8 13. Bxf6 Bxf6 14. Bxb5 0-0 15. Bxd7 Bxd7 16. Qd3 Rfc8 17. Rhe1 Qb6 18. Nb3 Bxc3 19. bxc3 Qc7 20. Re3 Rb6 21. e5 d5 22. f5 Bb5 23. Qd2 Bc4 24. f6 Bxb3 25. Qf2 Rc6 26. Rdd3 Bc4 27. Rd4 Bb5 28. Rd2 Rxc3 29. fxg7 Rxe3 30. Qxe3 Qc3 0-1

[Event "TUR Cup										"]
[Site "Antalya"]
[Date "2018.02.02"]
[Round "10"]
[White "Acar, Kaan"]
[Black "Celik, Cenk"]
[Result "1/2-1/2"]
[WhiteElo "1453"]
[BlackElo "1395"]
[PlyCount "72"]
[EventDate "2018.01.27"]
[EventType "swiss"]
[EventRounds "11"]
[EventCountry "TUR"]
[SourceTitle "CBM 182 Extra"]
[Source "ChessBase"]
[SourceDate "2018.02.23"]
[SourceVersion "1"]
[SourceVersionDate "2018.02.23"]
[SourceQuality "1"]

1. e4 e5 2. Bc4 Nf6 3. d3 Nc6 4. Nc3 a6 5. f4 d6 6. Nf3 Bg4 7. h3 Bxf3 8. Qxf3 Nd4 9. Qf2 c6 10. 0-0 Be7 11. Qg3 Nxc2 12. Qxg7 Qb6+ 13. Kh1 0-0-0 14. Rb1 d5 15. fxe5 dxc4 16. exf6 Bb4 17. Qg4+ Kb8 18. dxc4 Rhg8 19. Bf4+ Ka8 20. Qe2 Nd4 21. Qf2 Qa5 22. Rfd1 Ne6 23. Rxd8+ Rxd8 24. Bh2 Qg5 25. Rd1 Rxd1+ 26. Nxd1 Qc1 27. Bg1 Bc5 28. Qf1 Bd6 29. Qd3 Qf4 30. Qe3 Bb8 31. Nc3 Qxf6 32. Na4 c5 33. Nb6+ Ka7 34. Nc8+ Ka8 35. Nb6+ Ka7 36. Nc8+ Ka8 1/2-1/2

[Event "TUR Cup										"]
[Site "Antalya"]
[Date "2018.02.01"]
[Round "8"]
[White "Acar, Kaan"]
[Black "Mentese, Emrah"]
[Result "1/2-1/2"]
[WhiteElo "1453"]
[BlackElo "1130"]
[PlyCount "32"]
[EventDate "2018.01.27"]
[EventType "swiss"]
[EventRounds "11"]
[EventCountry "TUR"]
[SourceTitle "CBM 182 Extra"]
[Source "ChessBase"]
[SourceDate "2018.02.23"]
[SourceVersion "1"]
[SourceVersionDate "2018.02.23"]
[SourceQuality "1"]

1. e4 Nc6 2. d4 d5 3. exd5 Qxd5 4. Nf3 e6 5. Be2 Nf6 6. 0-0 Be7 7. Nc3 Qd8 8. h3 0-0 9. Be3 b6 10. a3 Bb7 11. Bd3 Qc8 12. Qe2 a6 13. Rad1 Rd8 14. Bg5 g6 15. Qe3 Rd7 16. Qf4 Qd8 1/2-1/2